Big Nate makes the grade characters - Statistics

General Stats
  • This quiz has been taken 122 times
    116 since last reset
  • The average score is 15 of 23
Answer Stats
Hint Answer % Correct
The main character's really smart friend Francis
100%
Main Character Nate
100%
The main character's other friend Teddy
95%
His sister Ellen
86%
The main character's kid enemy Gina
86%
The main character's boring science teacher Mr. Galvin
82%
The main character's amazing art teacher Mr. Rosa
82%
The main character's biggest crush Jenny
77%
The main character's adult enemy Mrs. Godfrey
77%
The main character's math teacher Mr. Staples
73%
Her boyfriend Artur
68%
The main character's English teacher Ms. Clarke
68%
The main character's principle Principal Nichols
68%
His dog Spitsy
68%
The main character's favorite adult neighbor Mr. Eustis
55%
The principle's secretary Mrs. Shipulski
50%
The main character's french teacher Ms. La Chance
50%
The main character's coach Coach Calhoun, Coach John
45%
The main character's detention monitor Mrs. Czerwicki
45%
The adult who always has a band-aid on his head School picture guy
32%
The main character's life skills teacher Mrs. Brindle
27%
The main character's "mate" from chess summer camp Derek
9%
The main character's computer lab teacher Mr. Aldridge
9%
No matching quizzes found
Score Distribution
Percent of People with Each Score
Percentile by Number Answered
Your Score History
You have not taken this quiz since the last reset